| Tag |
First Indicator |
Second Indicator |
Subfields |
| LEADER |
00000cgm a2200000Ia 4500 |
| 001 |
in00001680708 |
| 005 |
20151024122919.0 |
| 007 |
vf bbahou |
| 008 |
960112p19951922nyu068 vleng d |
| 035 |
|
|
|a (OCoLC)ocm34020419
|
| 040 |
|
|
|a SDE
|c SDE
|d TXA
|d UtOrBLW
|
| 049 |
|
|
|a TXAM
|
| 090 |
|
|
|a PN1995.75
|b .S53 1995
|
| 245 |
0 |
0 |
|a Shadows /
|c directed by Tom Forman ; produced by B.P. Schulberg.
|
| 264 |
|
1 |
|a New York, NY :
|b Kino on Video,
|c [1995]
|
| 264 |
|
4 |
|c ©1995
|
| 300 |
|
|
|a 1 videocassette (68 min.) :
|b silent, black and white ;
|c 1/2 in.
|
| 336 |
|
|
|a two-dimensional moving image
|b tdi
|2 rdacontent
|
| 337 |
|
|
|a video
|b v
|2 rdamedia
|
| 338 |
|
|
|a videocassette
|b vf
|2 rdacarrier
|
| 490 |
1 |
|
|a Lon Chaney, behind the mask ;
|v v. 3
|
| 538 |
|
|
|a VHS.
|
| 500 |
|
|
|a Title from container.
|
| 511 |
1 |
|
|a Lon Chaney, Harrison Ford, Marguerite De La Motte.
|
| 508 |
|
|
|a Scenario by Eve Unsell and Hope Loring ; photographed by Harry Perry ; musical setting by Gaylord Carter.
|
| 500 |
|
|
|a "Special contents of this edition c1979 Blackhawk Films, Inc."
|
| 500 |
|
|
|a Originally produced as a motion picture in 1922.
|
| 500 |
|
|
|a Adapted from Wilbur Daniel Steele's story Ching, ching, Chinaman.
|
| 500 |
|
|
|a "Digitally mastered from an archive print; featuring a new musical soundtrack."
|
| 520 |
|
|
|a Lon Chaney stars as a Chinese laundryman caught in a web of small-town jealousy and extortion in Shadows.
|
| 500 |
|
|
|a Videorecording.
|
| 655 |
|
7 |
|a Silent films.
|2 lcgft
|
| 650 |
|
0 |
|a Man-woman relationships
|v Drama.
|
| 650 |
|
0 |
|a Fishing villages
|v Drama.
|
| 650 |
|
0 |
|a Chinese
|v Drama.
|
| 650 |
|
0 |
|a Revenge
|v Drama.
|
| 650 |
|
0 |
|a Conversion
|v Drama.
|
| 655 |
|
7 |
|a Feature films.
|2 lcgft
|
| 700 |
1 |
|
|a Forman, Tom,
|d 1893-1926.
|
| 700 |
1 |
|
|a Schulberg, B. P.,
|d 1892-1957.
|
| 700 |
1 |
|
|a Chaney, Lon,
|d 1883-1930.
|
| 700 |
1 |
|
|a Ford, Harrison,
|d 1894-1957.
|
| 700 |
1 |
|
|a De La Motte, Marguerite,
|d 1902-1950.
|
| 700 |
1 |
|
|a Steele, Wilbur Daniel,
|d 1886-1970.
|t Ching, ching, Chinaman.
|
| 710 |
2 |
|
|a Kino International Corporation.
|
| 710 |
2 |
|
|a Blackhawk Films.
|
| 830 |
|
0 |
|a Lon Chaney, behind the mask ;
|v v. 3.
|
| 948 |
|
|
|a cataloged
|b h
|c 2002/5/24
|d c
|e mphillip
|f 12:44:48 pm
|
| 994 |
|
|
|a E0
|b TXA
|
| 999 |
|
|
|a MARS
|
| 999 |
f |
f |
|s 0cff4ada-119a-3852-a3b6-22cf1bcda529
|i 58dddf4d-a845-3097-95ad-85ea29cbc0c7
|t 0
|
| 952 |
f |
f |
|p ric
|a Texas A&M University
|b Rellis Campus
|c Joint Library Facility
|d Remote Storage
|t 0
|e PN1995.75 .S53 1995
|h Library of Congress classification
|i video -- videocassette
|m A14828820560
|
| 998 |
f |
f |
|a PN1995.75 .S53 1995
|t 0
|l Remote Storage
|